000 02047nam0a2200361 i 4500
001 RU\NLR\BIBL_A\010360024
005 20240921171616.0
010 _a9785984640633
_9100
021 _aRU
_b2014-22054
_91370
035 _a(NILC)RuMoRGB-006766580
035 _a(NLR Aleph) 010360024
090 _a10776168
_c10776168
100 _a20140522d2013 km y0rusy50 ca
101 0 _arus
102 _aRU
105 _aa|||z||||01yy
200 1 _aПодготовка учителя к инновационной деятельности в условиях повышения квалификации как фактор профессионального развития
_fС. И. Десненко, Н. И. Колоколова
_gГос. бюджетное образовательное учреждение доп. проф. образования "Забайкальский краевой ин-т повышения квалификации и профессиональной переподготовки работников образования"
210 _aЧита
_cЗабайкальский краевой институт повышения квалификации и профессиональной переподготовки работников образования
_d2013
215 _a127 с.
_cил.
_d21
320 _aБиблиогр.: с. 108-127 (284 назв.)
606 1 _aУчителя
_xИнновационная деятельность
_92338667
_3RU\NLR\AUTH\661398061
606 1 _aУчителя
_xПовышение квалификации
_91173293
_3RU\NLR\AUTH\66153518
675 _a371.12
686 1 _aЧ489.514(2Р)78
686 1 _aЧ421.42
700 1 _aДесненко
_bС. И.
_gСветлана Иннокентьевна
701 1 _aКолоколова
_bН. И.
_gНаталья Ивановна
801 0 _aRU
_bRuMoRKP
_c20140324
_gRCR
801 2 _aRU
_bРГБ
_c20140411
_grcr
942 _cBOOK
980 _aNBR